000 00663nam a2200205Ia 4500
003 GCL
008 140319s9999 xx 000 0 ara d
020 _a1813235977
040 _aGCL /
_cGCL
082 0 4 _a810.809282
_bا خ
100 1 _aاحمد زلط
245 1 0 _aالخطاب الادبى والطفولة /
_cاحمد زلط
260 _aالقاهرة :
_bالهيئة العامة لقصور الثقافة ،
_c1997
300 _a223 ص ؛
_c18 سم
490 _aمكتبة الشباب
_v54
650 0 4 _aالادب العربى
650 0 4 _aادب الاطفال
650 0 4 _aادب الاطفال - تاريخ ونقد
942 _2ddc
_cBK
999 _c50749
_d50749